[Event "Stockholm"]
[Site "Stockholm"]
[Date "2002.08.07"]
[Round "5"]
[White "Hermansson, Emil"]
[Black "De Firmian, Nick E"]
[Result "0-1"]
[WhiteElo "2423"]
[BlackElo "2551"]
[Annotator "Ftacnik,L"]
[PlyCount "74"]
[EventDate "2002.08.03"]
[EventType "tourn"]
[EventRounds "9"]
[EventCountry "SWE"]
[EventCategory "8"]
[SourceTitle "CBM 091"]
[Source "ChessBase"]
[SourceDate "2002.11.12"]
[SourceVersion "1"]
[SourceVersionDate "2002.11.12"]
[SourceQuality "1"]

1. e4 c5 2. Nf3 d6 3. d4 cxd4 4. Nxd4 Nf6 5. Nc3 a6 6. Be3 e6 7. Be2 Be7 8. a4
Nc6 9. O-O O-O 10. f4 Qc7 11. Kh1 Re8 12. Bf3 Bf8 13. Nb3 b6 14. a5 Nd7 15.
axb6 Nxb6 16. Qe2 Nb4 $5 $146 {[%mdl 8] De Firmian is trying to improve the
line, that he plays with success for both sides.} (16... Bb7 17. Rfd1 (17. Na4
Nd7 (17... Nxa4 18. Rxa4 Rac8 19. Qf2 e5 20. f5 Nb8 21. c4 Nd7 22. Nd2 Nc5 {
1/2-1/2 Morozov,D-Bocharov,D/Orsk 2000/ (27)}) 18. c3 Ne7 19. Nd2 Bc6 20. c4
Reb8 21. b3 g6 22. Bd4 e5 23. fxe5 Nxe5 24. Qe3 {1-0 De Firmian,N-Ftacnik,L/
Germany 2000/ (39)}) 17... Rac8 18. Na4 Nd7 19. c3 Ne7 20. Qf2 Nf6 21. Nd2 Ng6
22. c4 Qb8 23. b3 Nd7 {0-1 De Firmian,N-Kobalija,M/Las Vegas 1999/ (57)}) (
16... Rb8 17. Rfd1 Nb4 18. Na5 d5 19. Bxb6 Rxb6 20. exd5 Qxf4 21. Nc4 Rb8 22.
d6 Rd8 23. Ne4 Nd5 24. g3 Qh6 {1/2-1/2 De Firmian,N-Stefansson,H/Reykjavik
2000/ (36)}) 17. Nb5 Qb8 (17... axb5 $2 18. Bxb6 Qc6 (18... Qb7 19. Qxb5 $18)
19. Nd4 Qxb6 20. Rxa8 Qxd4 21. c3 Qc5 22. cxb4 Qxb4 23. Rfa1 $16) (17... Qxc2
18. Bxb6 Rb8 19. Nc7 Re7 20. Qe3 $16) 18. N5d4 (18. Na3 $5 Be7 19. Qf2 Nd7 20.
Rfd1 $14) 18... e5 19. fxe5 (19. Bd2 a5 20. Rxa5 Rxa5 21. Nxa5 Ba6 22. c4 exd4
23. Bxb4 Nxc4 $1 $17) 19... dxe5 20. Nf5 Be6 (20... Bxf5 $5 21. exf5 e4 22. Bg4
N6d5 $15) 21. Qf2 Nd7 (21... Nc4 22. Bc1 Rc8 23. Bd1 Nd6 $15) 22. Bh5 $2 (22.
Bd1 $5) 22... Nxc2 $1 {Black is not scared by the white's attacking set up,
the tactics work for him perfectly.} (22... g6 23. Nh6+ Bxh6 24. Bxh6 Nxc2 25.
Nc5 Qb6 26. Ra5 gxh5 27. Nxd7 Qxf2 28. Rxf2 Bxd7 29. Rxc2 Bb5 $15) 23. Nc5 (23.
Qxc2 Qxb3 $17) (23. Bxf7+ Bxf7 24. Nh6+ gxh6 25. Qxf7+ Kh8 26. Rf3 Re7 $19)
23... Nxc5 24. Bxc5 Bxf5 25. Bxf7+ (25. Qxc2 Be6 $17) (25. Qxf5 Bxc5 26. Qxf7+
Kh8 27. Qxe8+ Qxe8 28. Bxe8 Rxe8 29. Rxa6 Ne3 $17) 25... Kxf7 (25... Kh8 $2 26.
Bxe8 Nxa1 27. Qxf5 Qxe8 28. Bxf8 $18) 26. Qxc2 (26. Bxf8 Nd4 27. Bc5 Qb7 28.
Bxd4 exd4 29. Qxf5+ Kg8 $15) 26... Bxc5 27. Qxc5 Kg8 28. Rxf5 Qxb2 29. Qd5+ Kh8
30. Raf1 h6 {White is still a pawn down and any endgame can be nasty for him.}
(30... Qb5 31. Qxa8 (31. Qf7 Qc5 32. h3 a5 33. Rg5 Rg8 (33... Qf8 34. Qxf8+
Rxf8 35. Rxf8+ Rxf8 36. Rxe5 Ra8 37. Rd5 a4 38. Rd2 a3 39. Ra2 g5 40. Kg1 Kg7
$17) 34. Qh5 Raf8 $17) 31... Qxf1+ 32. Rxf1 Rxa8 $17) 31. Qf7 (31. Rf7 Qb6 32.
Qd3 Qg6 $15) 31... Qb6 32. Rf6 $4 {Both players were probably blinded by the
time trouble, the rook can be taken with a win for black.} Qa7 $2 (32... gxf6
33. Qg6 (33. Rxf6 Rec8 34. g3 Qb1+ 35. Kg2 Qxe4+ 36. Kh3 Rc6 37. Qe7 Rg8 $19)
33... Re7 34. h3 Rg7 35. Qxh6+ Kg8 $19) 33. Qg6 (33. Rg6 Qxf7 34. Rxf7 Rg8 $17)
33... gxf6 34. Qxh6+ Qh7 35. Qxf6+ Qg7 36. Qh4+ Kg8 37. Rf5 Rf8 (37... Rf8 38.
Rg5 Rf1#) 0-1

[Event "CUB-ch KO"]
[Site "Santa Clara"]
[Date "2007.01.24"]
[Round "2.1"]
[White "Bruzon Batista, Lazaro"]
[Black "Arencibia Rodriguez, Walter"]
[Result "1-0"]
[WhiteElo "2614"]
[BlackElo "2549"]
[Annotator "Ftacnik,L"]
[PlyCount "93"]
[EventDate "2007.01.19"]
[EventType "k.o."]
[EventRounds "3"]
[EventCountry "CUB"]
[SourceTitle "CBM 116 Extra"]
[Source "ChessBase"]
[SourceDate "2007.03.07"]
[SourceVersion "1"]
[SourceVersionDate "2007.03.07"]
[SourceQuality "1"]

1. e4 c5 2. Nf3 e6 3. d4 cxd4 4. Nxd4 a6 5. Nc3 Qc7 6. Be2 Nf6 7. O-O d6 8. f4
Be7 9. a4 Nc6 10. Be3 O-O 11. Kh1 Re8 12. Bf3 Rb8 13. Qd2 Bd7 14. Nb3 b5 {
[%mdl 4] Arencibia is chosing a daring move, that lives in the shadow of the
uncomparably more popular 14...b6.} (14... b6 15. Qf2 (15. g4 Bc8 16. Qf2 (16.
g5 Nd7 17. Qf2 Bf8 18. Bg2 Bb7 19. Rad1 g6 20. Bc1 Rbc8 21. Rd3 Nb4 22. Rh3 Bg7
23. Be3 Re7 24. Kg1 Rce8 25. Rd1 f5 {0-1 Karpov,A (2720)-Kasparov,G (2700)/
Moscow 1985/ (42)}) 16... Na5 17. Rad1 Nc4 18. Bc1 b5 19. g5 Nd7 20. axb5 axb5
21. Bg2 b4 22. Ne2 Nc5 23. f5 Bf8 24. g6 Nxb3 25. cxb3 Ne5 26. gxf7+ Qxf7 {
1/2 Topalov,V (2750)-Anand,V (2735)/Las Palmas 1996/ (39)}) 15... Nb4 16. Nd4
e5 17. Nf5 Bxf5 18. exf5 e4 19. Nxe4 Qxc2 20. Rfc1 Qxf2 21. Nxf2 d5 22. Bd2 a5
23. g3 Bc5 24. Bxb4 Bxb4 25. Kg2 h5 26. Rc2 b5 {1/2 Ivanchuk,V (2710)-Kasparov,
G (2805)/Linares 1993/}) 15. axb5 axb5 16. Qf2 (16. Qe2 b4 17. Nb5 Qb7 18. Nxd6
Bxd6 19. e5 Bxe5 20. fxe5 Nd5 21. Bc5 Nce7 22. Ra7 Qb5 23. Qf2 $16 {1-0
Mkrtchian,L (2295)-Sergeeva,M (2208)/Yerevan 1999/ (57)}) (16. g4 b4 17. Ne2 d5
18. e5 Ne4 19. Bxe4 dxe4 20. Ng3 Red8 21. Qf2 Qb7 22. Kg1 Be8 23. h4 Bxh4 24.
Nc5 Qb5 $13 {0-1 Pooth,R (1827)-Fischer,J (2297)/Bad Wiessee 2003/ (32)}) 16...
b4 17. Na4 e5 18. f5 (18. Nb6 $2 exf4 19. Nxd7 fxe3 20. Nxf6+ Bxf6 21. Qxe3
Bxb2 $17) 18... Nd8 $6 {The transfer of the knight to the c5 square is slow,
artificial and surely not the best. Black could have claimed good game with
the logical 18...Bd8!} (18... Bd8 $1 19. Nd2 Ne7 20. g4 Bxa4 21. Rxa4 Qxc2 22.
b3 h6 $13) 19. Nb6 Bc6 20. Nd2 Nb7 (20... Bb5 21. Rfc1 Nb7 22. Ra7 Qd8 23. Nd5
(23. b3 Nc5 24. Nbc4 $14) 23... Nxd5 24. exd5 Nc5 25. Bxc5 dxc5 26. Ne4 $16)
21. Ra7 Qd8 22. Rd1 Bf8 (22... Nc5 23. Bxc5 dxc5 24. Ndc4 Nxe4 25. Qg1 $18) 23.
b3 h6 (23... Re7 $5 24. Raa1 $14) 24. Qe2 Re7 25. Ndc4 $6 {Bruzon is overdoing
the optimistic approach to the position, it was not necessary to offer the
precious e4 pawn.} (25. Raa1 $14) 25... Qe8 $2 (25... Nxe4 $1 26. Qe1 (26. Bxe4
Bxe4 27. Bxh6 Nc5 28. Rxe7 Bxe7 29. f6 gxh6 30. Qg4+ Bg6 31. fxe7 Qxe7 32. Rxd6
$11) 26... Qe8 27. Qxb4 Nf6 28. Bxc6 Qxc6 $11) (25... Bxe4 26. Bxe4 Nxe4 27.
Nd5 Re8 (27... Nc3 28. Nxc3 bxc3 29. Qg4 $16) 28. Bxh6 $16) 26. Bf2 g6 (26...
Bb5 27. Qe1 Nc5 28. Ra5 $16) 27. fxg6 fxg6 28. h3 (28. Be1 Rg7 29. Bxb4 $16)
28... Rd8 29. Nd5 $1 {All the dancing of the black pieces in preparation for
some counterplay are eliminated with one centralized knight. White will
dominate the whole board.} Bxd5 (29... Rf7 30. Nxb4 $18) (29... Nxd5 30. exd5
Bb5 31. Bh4 g5 32. Bh5 Qd7 33. Be1 $18) 30. exd5 Qf7 (30... e4 31. Bg4 Nxg4 32.
Qxg4 Bg7 33. Bb6 Rdd7 34. Be3 $18) 31. Bb6 Rb8 (31... e4 32. Rxb7 exf3 33. Qxf3
Rxb7 34. Bxd8 $18) 32. Be4 (32. Qd2 e4 33. Be2 e3 34. Bxe3 Ne4 35. Qe1 Nc3 36.
Rd2 Nxd5 37. Qg3 $16) 32... Nxe4 33. Qxe4 Qf5 34. Qe2 Rf7 (34... e4 35. Qd2 Rd7
36. Ne3 Qg5 37. Bd4 Bg7 38. Qxb4 $16) 35. Ra4 Nc5 (35... Be7 36. Rxb4 Rbf8 37.
Be3 $16) 36. Bxc5 {In higher sense a symbolic punishment for black's faulty
plan. White has ended with superior pawn structure and muh better piece
coordination.} dxc5 37. Ra6 Re8 (37... Rd8 38. Rc6 $16) 38. d6 e4 39. Ne3 Qg5 (
39... Qd7 40. Qc4 h5 41. Nd5 Bg7 42. Qxc5 $18) 40. d7 Rd8 41. Rd5 Qg3 42. Ng4
g5 (42... Kg7 43. Qd1 Be7 44. Ne5 Rf6 45. Rxf6 Bxf6 46. Nc6 $18) 43. Rxh6 {
Bruzon could not resist the temptation to eat the precious pawn and open up
the black king. Very nice win was already possible with direct attack against
the king.} (43. Nf6+ $5 Kh8 44. Qh5 Qf4 (44... Re7 45. Qg6 $18) 45. Qxf7 Qc1+
46. Kh2 Qf4+ 47. Kg1 Qc1+ 48. Kf2 $18) 43... Bg7 (43... Bxh6 44. Nxh6+ Kg7 45.
Nxf7 Kxf7 46. Qxe4 $18) 44. Rc6 Rfxd7 45. Rxd7 Rxd7 46. Rc8+ Kf7 (46... Kh7 47.
Qxe4#) 47. Qc4+ (47. Qc4+ Kg6 (47... Ke7 48. Qxe4+ Kd6 49. Rc6#) 48. Qxe4+ Kf7
49. Qe8#) 1-0

[Event "Moscow Aeroflot op-A"]
[Site "Moscow"]
[Date "2006.02.12"]
[Round "5"]
[White "Petrosian, Tigran L"]
[Black "Smirnov, Pavel"]
[Result "1-0"]
[WhiteElo "2558"]
[BlackElo "2614"]
[Annotator "Ftacnik,L"]
[PlyCount "61"]
[EventDate "2006.02.08"]
[EventType "swiss"]
[EventRounds "9"]
[EventCountry "RUS"]
[SourceTitle "CBM 112"]
[Source "ChessBase"]
[SourceDate "2006.06.07"]
[SourceVersion "1"]
[SourceVersionDate "2006.06.07"]
[SourceQuality "1"]

1. e4 c5 2. Nf3 d6 3. d4 cxd4 4. Nxd4 Nf6 5. Nc3 a6 6. Be3 e6 7. a4 Nc6 8. Be2
Be7 9. O-O O-O 10. f4 Qc7 11. Kh1 Re8 12. a5 Nxa5 13. e5 dxe5 14. fxe5 Qxe5 15.
Bf4 Qc5 16. Na4 Qa7 17. Be3 Nd5 18. Bg1 (18. Bd3 Nxe3 19. Bxh7+ Kf8 20. Rxf7+
Kxf7 21. Qh5+ Kf8 22. Bg6 Bf6 23. Qh8+ Ke7 24. Qxe8+ Kd6 {0-1 Rivera Kuzawka,D
(2323)-Vorobiov,E (2552)/Pardubice 2005/ (45)}) 18... b5 19. Bd3 $5 {White
immeditelly points out to the vulnerability of squares around black king.} (19.
Nxb5 {Jakovenko,D-Shchekachev,A/Moscow Aeroflot op-A/2006/}) 19... Bf6 (19...
bxa4 20. Bxh7+ Kf8 (20... Kxh7 $2 21. Qh5+ Kg8 22. Qxf7+ Kh7 23. Qh5+ Kg8 24.
Qxe8+ Kh7 25. Qh5+ Kg8 26. Qf7+ Kh7 27. Nf5 exf5 28. Bxa7 Rxa7 29. Rf3 $18) 21.
Nxe6+ Bxe6 22. Bxa7 Rxa7 23. Bf5 $18) (19... g6 20. Qf3 Bb4 21. c3 Bf8 22. Nxe6
Bxe6 23. Bxa7 Rxa7 24. Nb6 Nxb6 25. Rxa5 $18) 20. Nxb5 Qd7 21. Nbc3 Bd8 $2 {
Smirnov is right in understanding the necessity to offer support for the
knight on a5, but his solution fails tactically.} (21... Nxc3 22. bxc3 Bd8 23.
Nc5 Qe7 24. Rb1 Bc7 $11) 22. Nc5 $1 Qc7 (22... Nxc3 23. Qf3 Qa7 24. bxc3 Bb6
25. Rab1 f5 26. Nxe6 Bxg1 27. Qxf5 $18) (22... Qe7 23. Nxd5 exd5 24. Qh5 g6 25.
Qxd5 $18) 23. Nxd5 exd5 24. Rxa5 $1 Qxa5 25. Bxh7+ Kf8 (25... Kxh7 26. Qh5+ Kg8
27. Qxf7+ Kh7 28. Qh5+ Kg8 29. Qxe8+ Kh7 30. Rf8 $18) 26. Qxd5 Ra7 27. b4 Qb5 (
27... Qxb4 28. Qd6+ Be7 29. Rxf7+ $18) 28. c4 Qxb4 (28... Qb6 29. Nd3 Be6 30.
Qh5 Qc7 31. Bc5+ Be7 32. Nf4 $18) 29. Qd6+ $1 {[%mdl 64] The final combination
is original and very refreshing.} Be7 30. Rxf7+ Kxf7 31. Qd5+ (31. Qd5+ Kf6 (
31... Kf8 32. Qg8#) 32. Ne4# (32. Bd4#)) 1-0

[Event "Interzonal-14a"]
[Site "Subotica"]
[Date "1987.??.??"]
[Round "5"]
[White "Prasad, Devaki V"]
[Black "Sax, Gyula"]
[Result "0-1"]
[WhiteElo "2425"]
[BlackElo "2570"]
[Annotator "Ftacnik,L"]
[PlyCount "78"]
[EventDate "1987.06.??"]
[EventType "tourn"]
[EventRounds "17"]
[EventCountry "YUG"]
[EventCategory "11"]
[SourceTitle "CBM 003"]
[Source "ChessBase"]
[SourceDate "1988.04.01"]
[SourceVersion "1"]
[SourceVersionDate "1988.04.01"]
[SourceQuality "1"]

1. e4 c5 2. Nf3 e6 3. d4 cxd4 4. Nxd4 Nf6 5. Nc3 d6 6. Be2 Be7 7. O-O a6 8. a4
O-O 9. Be3 Nc6 10. f4 Qc7 11. Kh1 Rd8 12. Qe1 Nxd4 13. Bxd4 e5 14. Be3 exf4 15.
Bxf4 Be6 16. Qg3 Nd7 17. Rac1 $5 (17. Bd3) 17... Ne5 18. Nd5 Bxd5 19. exd5 Bf6
20. c4 Qe7 21. b3 Ng6 22. Bd3 Nxf4 23. Rxf4 g6 (23... Bg5 $2 24. Rg4 f6 25. Re1
$16 {/\Qh3}) (23... Be5 24. Qh4 $10) 24. Re4 Be5 25. Qh3 f5 26. Re2 Rac8 27.
Rf1 Rf8 28. Qh6 Rce8 29. Rfe1 Qc7 30. Qh3 Kg7 31. Bb1 Qc5 32. Qf3 $6 (32. Qd3
$142) 32... Qd4 33. Qd3 $2 $17 (33. Qh3 $142 $15) 33... Qh4 34. g3 Qh5 $17 35.
c5 f4 $1 36. gxf4 (36. cxd6 fxg3 37. d7 Re7 $1 (37... Rf2 $2 38. dxe8=N+ Kh8
39. Rxf2 gxf2 40. Rxe5 $1 $18) 38. d6 Rf2 $1 39. Rxf2 gxf2 $19) 36... Rxf4 37.
Rg2 Rh4 $19 38. Ree2 (38. Qe2 Bxh2 $1 39. Qxe8 (39. Qxh5 Rxe1+) 39... Bg3+)
38... Bxh2 $1 39. Rxh2 Rxe2 0-1

[Event "GER-ch 70th"]
[Site "Bremen"]
[Date "1998.11.10"]
[Round "5"]
[White "Slobodjan, Roman"]
[Black "Bischoff, Klaus"]
[Result "0-1"]
[WhiteElo "2575"]
[BlackElo "2550"]
[Annotator "Ftacnik,L"]
[PlyCount "82"]
[EventDate "1998.11.06"]
[EventType "swiss"]
[EventRounds "9"]
[EventCountry "GER"]
[SourceTitle "CBM 068"]
[Source "ChessBase"]
[SourceDate "1999.02.01"]
[SourceVersion "1"]
[SourceVersionDate "1999.02.01"]
[SourceQuality "1"]

1. e4 c5 2. Nf3 d6 3. d4 cxd4 4. Nxd4 Nf6 5. Nc3 a6 6. Be2 e6 7. O-O Qc7 8. a4
Nc6 9. Be3 Be7 10. Kh1 O-O 11. f4 Nd7 (11... b6 12. Nxc6 (12. e5 dxe5 13. Nxc6
Qxc6 14. fxe5 Nd5 15. Nxd5 exd5 16. Bd3 Bc5 17. Bg5 Qe6 18. Bf4 Bb7 19. Qh5 g6
20. Qh4 f5 21. exf6 Qxf6 22. Qg3 {1-0 Sigurjonsson,G-Hansen,J/Reykjavik 1981/ 
(33)}) 12... Qxc6 13. Bf3 e5 14. f5 Bb7 15. g4 Qc4 16. Bg5 Rfd8 17. Qe1 Rac8
18. Rd1 b5 19. axb5 axb5 20. Qh4 {1-0 Martin,J-Garcia,J/Santa Cruz/1995/ (34)})
(11... e5 12. Nxc6 (12. Nf5 Bxf5 13. exf5 Rfd8 14. Bf3 Nb4 15. a5 Rd7 16. Bb6
Qc8 17. Rf2 exf4 18. Rd2 Nc6 19. Ra4 Ne5 {0-1 Lewis,G-Dearing,E/Szeged/1994/ 
(28)}) 12... Qxc6 13. Nd5 Bd8 14. Qd3 exf4 15. Bxf4 Be6 16. c4 Bxd5 17. exd5
Qb6 18. Be3 Qc7 19. Bd4 Nd7 20. Qg3 Ne5 21. c5 f6 22. b4 {1-0 Sikora Gizynska,
B-Kaczorowska,B/Mikolajki 1991/ (44)}) (11... Re8) 12. Rf3 Re8 13. Qd2 Bf8 14.
Rg3 b6 15. Rf1 (15. Nxc6 Qxc6 16. Bf3 Bb7 17. e5 d5 18. Ne2 $13) 15... Bb7 16.
f5 (16. Nf3 Rac8 $13) 16... Nxd4 17. Bxd4 e5 18. Be3 Nf6 19. Bh6 {White is
certainly supposed to attack in the Sicilian defense, but he must also take
care about his possesions. The sacrifice of the vital central pawn leaves
black with enough defensive resources.} (19. Bf3 Kh8 $1 (19... Rac8 20. Bh6 Qc4
21. Be2 Nxe4 22. Nxe4 Qxe4 23. Bxg7 Bxg7 24. Qg5 $18) 20. Bg5 Be7 $13) 19...
Nxe4 $1 20. Nxe4 Bxe4 21. Bf3 (21. f6 $5 Qxc2 (21... Bg6 22. fxg7 Bxg7 (22...
Be7 23. c4 $14) 23. Bxg7 Kxg7 24. h4) 22. fxg7 Be7 23. Bh5 f5 $1 24. Bxe8 Qxd2
25. Bxd2 Rxe8 $13) (21. Bxg7 Bxg7 22. Rxg7+ $1 (22. f6 Bg6 23. fxg7 Qxc2 24.
Qxc2 Bxc2 25. Rxf7 Kxf7 26. Bc4+ Kf6 27. g8=Q Rxg8 28. Bxg8 Be4 $17) 22... Kxg7
23. Qg5+ Kh8 (23... Kf8 24. f6 Rec8 25. Qg7+ Ke8 26. Bg4 Bxg2+ 27. Kxg2 Qb7+
28. Bf3 Rxc2+ 29. Kh1 Rc6 30. Qg8+ Kd7 31. Qxf7+ Kc8 32. Qe8+ Kc7 33. f7 $18)
24. Qf6+ Kg8 25. Qg5+ $11) 21... Qc4 (21... Bxf3 $5 22. gxf3 g6 $17) 22. Be2 (
22. Re1 Bxf3 23. gxf3 f6 $15) 22... Qc7 (22... Qxc2 $1 23. Bxg7 (23. Qxc2 Bxc2
24. f6 g6 $19) 23... Qxd2 24. Bh6+ Kh8 25. Bxd2 d5 $19) 23. Rg4 $2 {[%mdl 256]
Slobodjan is pressing too hard, it was still possible to steer away from
trouble with the drawish sacrifice on g7.} (23. Bxg7 $11) 23... d5 24. f6 (24.
Bxg7 Bxg7 25. f6 (25. Qg5 f6 26. Qxf6 Kh8 $19) (25. Rxg7+ Kxg7 26. Qg5+ Kf8 27.
f6 Rec8 28. Qg7+ Ke8 29. Bg4 Qd6 $19) 25... Bg6 26. fxg7 Qxc2 $17) 24... Qxc2
25. fxg7 (25. Rxg7+ $2 Bxg7 26. Qg5 Bg6 $19) 25... Bd6 (25... Qxd2 $4 26.
gxf8=Q#) 26. Qe3 (26. Rf6 Qxd2 27. Bxd2 Re6 $19) 26... Bg6 27. Qf3 e4 28. Qf2
Bc5 29. Qe1 {Unfortunatelly for white it is extremely difficult to make any
progress in the kingside attack.} (29. Be3 Bxe3 $1 (29... d4 $2 30. Rxg6 Ra7
31. Rh6 dxe3 32. Qf5 $18) 30. Qxe3 d4 31. Qf2 f5 $19) 29... Qxb2 30. Bd1 Bd4
31. h4 Rac8 32. Qg3 (32. Rg5 e3 33. Be2 Rc2 $19) 32... Be5 33. Bf4 Bxf4 34.
Rgxf4 (34. Qxf4 Qe5 $19) 34... Qe5 {Black's monumental pawn center will decide
the game.} 35. Qb3 h5 36. Be2 (36. Qxb6 Re6 37. Qa5 d4 $19) 36... Re6 37. Bxa6
Rc3 38. Qb4 Kxg7 39. Be2 (39. a5 bxa5 40. Qxa5 d4 $19) 39... d4 40. Bc4 Re7 41.
Bb3 Qc5 $1 (41... Qc5 $1 42. Qxc5 bxc5 43. Bd5 e3 $19) 0-1

[Event "EU-Cup 18th"]
[Site "Kallithea"]
[Date "2002.09.27"]
[Round "6.4"]
[White "Palac, Mladen"]
[Black "Kempinski, Robert"]
[Result "1-0"]
[WhiteElo "2564"]
[BlackElo "2587"]
[Annotator "Ftacnik,L"]
[PlyCount "71"]
[EventDate "2002.09.22"]
[EventType "team-swiss"]
[EventRounds "7"]
[EventCountry "GRE"]
[SourceTitle "CBM 092"]
[Source "ChessBase"]
[SourceDate "2003.02.06"]
[SourceVersion "1"]
[SourceVersionDate "2003.02.06"]
[SourceQuality "1"]
[WhiteTeam "Kiseljak"]
[BlackTeam "Warsaw Polonia"]
[WhiteTeamCountry "BIH"]
[BlackTeamCountry "POL"]

1. e4 c5 2. Nf3 d6 3. d4 cxd4 4. Nxd4 Nf6 5. Nc3 a6 6. Be2 e6 7. O-O Be7 8. f4
Qc7 9. Kh1 Nc6 10. a4 O-O 11. Be3 Na5 12. Qe1 Nc4 13. Bc1 Ne8 $146 {Novelty in
a well known position, black hopes to capitalize on the current loose position
of the knight d4.} 14. Bd3 Bd7 15. b3 Na5 16. Bb2 Bf6 (16... Nc6 17. Nf3 Nb4
18. Nd5 Nxd5 19. exd5 $14) 17. Nf3 Nc6 18. e5 $1 Be7 {It is hardly a very good
sign when black has to step back with his bishop, Palac has excellent pieces
for the kingside attack.} (18... dxe5 19. Ne4 (19. Ba3 Be7 20. Bxe7 Nxe7 21.
fxe5 h6 22. Rd1 $14) 19... exf4 20. Nxf6+ Nxf6 21. Bxf6 gxf6 22. Qh4 f5 23. Ng5
Kg7 24. Qxh7+ Kf6 25. Qh4 Kg7 26. Bxf5 $1 (26. Rxf4 Ne5 $14) 26... Qe5 (26...
exf5 27. Qh7+ Kf6 28. Qh6+ Ke7 29. Rae1+ $18) 27. Bh7 $16) 19. exd6 Nxd6 (19...
Bxd6 20. Bxh7+ Kxh7 21. Qh4+ Kg6 (21... Kg8 22. Ng5 Nf6 23. Nce4 Rfd8 24. Bxf6
$18) 22. g4 Nf6 23. f5+ exf5 24. Nd5 Bf4 25. Nxf6 $18) 20. Qg3 f6 (20... Bf6
21. Nd5 exd5 22. Bxf6 Ne8 23. Bb2 $16) 21. f5 Qc8 (21... e5 22. Nd5 Qd8 23.
Rad1 $14) 22. fxe6 Bxe6 23. Rfe1 Rf7 (23... Nf5 24. Bxf5 Bxf5 25. Nd5 $18) (
23... Re8 24. Qf4 Qd7 25. Ne4 $14) 24. Qf4 Bf8 25. Ba3 $5 {[%mdl 32] Very
sound idea of obtaining better central control as the perfect base for the
kingside attack.} (25. Rad1 Bf5 26. Nd5 Bxd3 27. Rxd3 $16) 25... Nd8 (25... g5
$6 26. Qe3 Nd8 27. Nd4 Nf5 28. Bxf5 Bxf5 29. Nd5 $18) 26. Bxd6 Bxd6 (26... Qxc3
27. Bxf8 Rxf8 28. Rad1 Bf7 29. Qh4 $16) 27. Qxd6 Qxc3 (27... Rd7 28. Qb4 a5 29.
Qe4 Qxc3 30. Qxh7+ $18) 28. Rad1 Rd7 (28... Qc6 29. Qxc6 bxc6 30. Bxa6 $1 $18)
29. Qb6 Qc6 (29... Qc8 30. Rxe6 Rxd3 31. Re8+ Kf7 32. Rde1 Rd7 33. Qb4 b6 34.
Qe4 $18) 30. Qf2 Bf7 (30... Rd6 31. Qg3 Nf7 32. Bxh7+ Kxh7 33. Rxd6 Qxd6 34.
Qxd6 Nxd6 35. Rxe6 $16) 31. Qh4 $1 {At long last black's kingside receives
proper attention and Kempinski has no good defense.} Bg6 (31... h6 32. Nd4 Qc3
33. Qe4 g6 (33... Rxd4 34. Qh7+ Kf8 35. Qh8+ Bg8 36. Bh7 $18) 34. Bc4 Kh7 35.
Bxf7 Nxf7 36. Qe6 $16) 32. Bxg6 hxg6 33. Re8+ Kf7 34. Rde1 Qxc2 (34... Ne6 35.
Rxa8 $18) 35. Qh8 g5 36. Qh5+ (36. Qh5+ Qg6 37. Rf8+ Kxf8 38. Qh8+ $1 Kf7 39.
Qe8#) 1-0